000 00361nam a2200169Ia 4500
100 _aSebastian/K.A
650 _aPhilosophy
942 _cBK
366 _f25
654 _adestiny
245 _aYou can shape your Destiny
260 _bBetter Yourself Books
_aBandra
_c2006
082 _a170/SEB
_bSEB
300 _a297
546 _aENGLISH
999 _c34792
_d34792